Rainbow Magic: Emma the Easter Fairy (Record no. 260644)
[ view plain ]
| 000 -LEADER | |
|---|---|
| fixed length control field | 00227nam a22000977a 4500 |
| 020 ## - INTERNATIONAL STANDARD BOOK NUMBER | |
| ISBN | 9780545368339 |
| 100 ## - MAIN ENTRY--AUTHOR NAME | |
| Personal name | Daisy Meadows |
| 245 ## - TITLE STATEMENT | |
| Title | Rainbow Magic: Emma the Easter Fairy |
| 260 ## - PUBLICATION, DISTRIBUTION, ETC. (IMPRINT) | |
| Place of publication | USA |
| Name of publisher | Scholastic |
| Year of publication | 2011 |
| 942 ## - ADDED ENTRY ELEMENTS (KOHA) | |
| Koha item type | Long Loan Books |
| Withdrawn status | Lost status | Collection code | Home library | Current library | Shelving location | Date acquired | Accession Number | Koha item type |
|---|---|---|---|---|---|---|---|---|
| Fiction | Rongo University Library | Rongo University Library | Children's Area | 13/09/2023 | CL20221815 | Long Loan Books |
